000 00754nam a22002417a 4500
003 UA-OsUOA
001 643
007 ta
008 20050622b un ||||| |||| 00| 0 ukr d
100 _aГогільчин С.І.
090 _a811.111
_bГ58
942 _cBK
040 _aUA-OsUOA
_bukr
_cUA-OsUOA
_dUA-OsUOA
245 _aАнглійська мова: розмовні теми для старшокласників
_bнавчальний посібник
300 _a88 с.
955 _a2
041 _aukr
080 _a811.111
020 _a966-06-0086-0
260 _aК.
_bЛибідь
_c1999
650 7 _a8 Мовознавство. Художня література. Літературознавство
_2UDC
999 _c286808
_d286808